000 00462nam a2200193Ia 4500
005 20240823020447.0
008 240823s9999||||xx |||||||||||||| ||und||
020 _a81-7992-030-5
041 _aENGLISH
082 _A658.3 P5
100 _aJoe Rubino
245 0 _aKey to Success & Happiness
250 _a1st
260 _c2005
_b"Jaico Pub,M"
_aMumbai
500 _aTRANSFERED
650 _aSuccess
_bManagement Studies
942 _cBK
999 _c174806
_d174806